| 000 | 00712nam a2200253 u 4500 | ||
|---|---|---|---|
| 001 | 000055283 | ||
| 003 | OSt | ||
| 005 | 20210415095548.0 | ||
| 008 | 110215s2007 ck gr 000 0 spa d | ||
| 040 | _cCO-MqBPB | ||
| 041 | 0 |
_a* spa _heng |
|
| 082 | 0 | 4 |
_a153.35 _bO73 _221 |
| 100 | 1 |
_aOsho _d1931-1990. |
|
| 245 | 1 | 3 |
_aEl hombre que amaba las gaviotas y otros relatos / _cOsho |
| 250 | _a1a. ed. | ||
| 260 |
_aBogotá : _bDebolsillo, _c2007. |
||
| 300 | _a188 p. | ||
| 500 | _aTítulo original : creativity: Unleashing the forces whitin | ||
| 650 | 1 | 4 | _aAptitud creadora. |
| 650 | 2 | 4 | _aVida espiritual. |
| 650 | 2 | 4 | _aEspiritualidad. |
| 700 | 1 |
_aMartín-Santos Laffón, Luis _etraductor |
|
| 942 |
_2ddc _cBK |
||
| 999 |
_c4846 _d4846 |
||